[Event "BL2-West 2223"]
[Site "Germany"]
[Date "2023.03.18"]
[Round "9.1"]
[White "Kovchan, Alexander"]
[Black "Heinz, Axel"]
[Result "1/2-1/2"]
[WhiteElo "2478"]
[BlackElo "2433"]
[PlyCount "93"]
[EventDate "2022.10.22"]
[EventType "team-tourn"]
[EventRounds "10"]
[EventCountry "GER"]
[SourceTitle "EXT 2024"]
[Source "ChessBase"]
[SourceDate "2023.10.10"]
[SourceVersion "1"]
[SourceVersionDate "2023.10.10"]
[SourceQuality "1"]
[WhiteTeam "Siegburg"]
[BlackTeam "Oberursel"]
[WhiteTeamCountry "GER"]
[BlackTeamCountry "GER"]

1. e4 e5 2. Nf3 Nc6 3. Bb5 a6 4. Ba4 Nf6 5. 0-0 b5 6. Bb3 Bc5 7. a4 Rb8 8. c3 d6 9. d4 Bb6 10. axb5 axb5 11. Na3 0-0 12. Nxb5 Bg4 13. Bc2 exd4 14. Nbxd4 Nxd4 15. cxd4 Bxf3 16. gxf3 Nh5 17. Kh1 Qf6 18. Be3 g6 19. Rg1 c5 20. Bh6 Rfc8 21. f4 cxd4 22. Bb3 Bc5 23. Bg5 Qg7 24. f5 Nf6 25. Bxf6 Qxf6 26. Qd3 Kg7 27. Rg3 Rc7 28. Rag1 Rcb7 29. Bd5 Rxb2 30. fxg6 fxg6 31. Rf3 Qh4 32. Rf7+ Kh8 33. Qf3 Rb1 34. Rf8+ Kg7 35. Rg8+ Kh6 36. Rxb8 Rxb8 37. Rg4 Qe7 38. Rf4 Rb1+ 39. Kg2 Qg5+ 40. Kh3 Rg1 41. Be6 Kg7 42. Rf7+ Kh8 43. Rf8+ Kg7 44. Rg8+ Kh6 45. Qf8+ Kh5 46. Qf3+ Kh6 47. Qf8+ 1/2-1/2

[Event "BL2-West 2223"]
[Site "Germany"]
[Date "2023.02.25"]
[Round "7.1"]
[White "Heinz, Axel"]
[Black "Lenaerts, Lennert"]
[Result "1/2-1/2"]
[WhiteElo "2433"]
[BlackElo "2375"]
[PlyCount "39"]
[EventDate "2022.10.22"]
[EventType "team-tourn"]
[EventRounds "10"]
[EventCountry "GER"]
[SourceTitle "EXT 2024"]
[Source "ChessBase"]
[SourceDate "2023.10.10"]
[SourceVersion "1"]
[SourceVersionDate "2023.10.10"]
[SourceQuality "1"]
[WhiteTeam "Oberursel"]
[BlackTeam "Muelheim Nord II"]
[WhiteTeamCountry "GER"]
[BlackTeamCountry "GER"]

1. e4 e5 2. Nf3 Nc6 3. Bb5 a6 4. Ba4 Nf6 5. 0-0 Be7 6. d3 b5 7. Bb3 d6 8. a3 0-0 9. Nc3 Na5 10. Ba2 Be6 11. Nd5 Nxd5 12. Bxd5 Bxd5 13. exd5 f5 14. b4 Nb7 15. c4 Qd7 16. Qb3 Bf6 17. Bb2 Kh8 18. Rac1 Rac8 19. c5 c6 20. cxd6 1/2-1/2

[Event "BL2-West 2223"]
[Site "Germany"]
[Date "2022.11.27"]
[Round "4.1"]
[White "Heinz, Axel"]
[Black "Balog, Imre1111"]
[Result "1/2-1/2"]
[WhiteElo "2433"]
[BlackElo "2594"]
[PlyCount "57"]
[EventDate "2022.10.22"]
[EventType "team-tourn"]
[EventRounds "10"]
[EventCountry "GER"]
[SourceTitle "EXT 2024"]
[Source "ChessBase"]
[SourceDate "2023.10.10"]
[SourceVersion "1"]
[SourceVersionDate "2023.10.10"]
[SourceQuality "1"]
[WhiteTeam "Oberursel"]
[BlackTeam "Koblenz"]
[WhiteTeamCountry "GER"]
[BlackTeamCountry "GER"]

1. e4 g6 2. d4 Bg7 3. Nc3 d6 4. Nf3 Nf6 5. Be2 0-0 6. 0-0 c6 7. a4 a5 8. Be3 Na6 9. Qd2 Nb4 10. Rfd1 Qc7 11. h3 Bd7 12. Bf4 Rad8 13. Rac1 Bc8 14. Bc4 Qb6 15. Bb3 d5 16. e5 Ne8 17. Ne2 Nc7 18. Be3 Ne6 19. c4 Qa6 20. cxd5 Nxd5 21. Nc3 Nxe3 22. Qxe3 Qb6 23. Ne4 Nc7 24. Nc5 Nd5 25. Qg5 f6 26. Qh4 Bf5 27. Re1 Qb4 28. Rc4 Qb6 29. Rcc1 1/2-1/2

[Event "Oberliga Ost-B 2122"]
[Site "Germany"]
[Date "2022.07.03"]
[Round "7.1"]
[White "Schubert, Nikita"]
[Black "Heinz, Axel"]
[Result "1/2-1/2"]
[WhiteElo "1922"]
[BlackElo "2438"]
[PlyCount "30"]
[EventDate "2021.10.10"]
[EventType "team-tourn"]
[EventRounds "11"]
[EventCountry "GER"]
[SourceTitle "EXT 2023"]
[Source "ChessBase"]
[SourceDate "2022.10.05"]
[SourceVersion "1"]
[SourceVersionDate "2022.10.05"]
[SourceQuality "1"]
[WhiteTeam "Gera"]
[BlackTeam "Oberursel"]
[WhiteTeamCountry "GER"]
[BlackTeamCountry "GER"]

1. d4 Nf6 2. c4 e6 3. Nf3 d5 4. g3 dxc4 5. Bg2 c6 6. Ne5 Bb4+ 7. Nc3 Nd5 8. Bd2 b5 9. a4 0-0 10. 0-0 a5 11. Qc2 f6 12. Nf3 Ba6 13. Rfd1 Nd7 14. e4 Nc7 15. Bf4 Nb6 1/2-1/2

[Event "Oberliga Ost-B 1920"]
[Site "Germany"]
[Date "2020.01.19"]
[Round "7.2"]
[White "Tazbir, Marcin"]
[Black "Heinz, Axel"]
[Result "1/2-1/2"]
[WhiteElo "2509"]
[BlackElo "2441"]
[PlyCount "61"]
[EventDate "2019.09.29"]
[EventType "team-tourn"]
[EventRounds "11"]
[EventCountry "GER"]
[SourceTitle "EXT 2021"]
[Source "ChessBase"]
[SourceDate "2020.10.23"]
[SourceVersion "1"]
[SourceVersionDate "2020.10.23"]
[SourceQuality "1"]
[WhiteTeam "Griesheim"]
[BlackTeam "Oberursel"]
[WhiteTeamCountry "GER"]
[BlackTeamCountry "GER"]

1. e4 e5 2. Nf3 Nc6 3. Bb5 a6 4. Ba4 Nf6 5. 0-0 b5 6. Bb3 Bc5 7. d3 d6 8. c3 h6 9. Re1 0-0 10. Nbd2 Bb6 11. Nf1 Ne7 12. Ng3 Ng6 13. Be3 c5 14. d4 Bb7 15. d5 Ng4 16. c4 Nxe3 17. fxe3 Bc8 18. Rf1 Nh4 19. Qd3 Bd7 20. Nxh4 Qxh4 21. Nf5 Bxf5 22. exf5 Qf6 23. Kh1 Rab8 24. a4 e4 25. Qe2 Rfe8 26. Rf2 b4 27. Raf1 Re5 28. Rf4 Rbe8 29. h4 Bd8 30. g3 Kf8 31. Kg1 1/2-1/2

[Event "Oberliga Ost-B 1920"]
[Site "Germany"]
[Date "2019.12.07"]
[Round "4.2"]
[White "Langheinrich, Ferenc"]
[Black "Heinz, Axel"]
[Result "1/2-1/2"]
[WhiteElo "2364"]
[BlackElo "2441"]
[PlyCount "71"]
[EventDate "2019.09.29"]
[EventType "team-tourn"]
[EventRounds "11"]
[EventCountry "GER"]
[SourceTitle "EXT 2021"]
[Source "ChessBase"]
[SourceDate "2020.10.23"]
[SourceVersion "1"]
[SourceVersionDate "2020.10.23"]
[SourceQuality "1"]
[WhiteTeam "Erfurt Empor"]
[BlackTeam "Oberursel"]
[WhiteTeamCountry "GER"]
[BlackTeamCountry "GER"]

1. e4 e5 2. Nf3 Nc6 3. Bb5 a6 4. Bxc6 dxc6 5. 0-0 Qf6 6. d4 exd4 7. Qxd4 Qxd4 8. Nxd4 Bd7 9. Be3 0-0-0 10. Nc3 Re8 11. Rfe1 Bb4 12. Bd2 Ne7 13. a3 Bd6 14. e5 Bc5 15. Nf3 Ng6 16. Ne4 Be7 17. Bc3 Bg4 18. Nfg5 Bxg5 19. Nxg5 h6 20. Ne4 Nf4 21. f3 Bf5 22. b3 Rd8 23. Kf2 Rhe8 24. Rac1 b6 25. b4 Rd5 26. g4 Bxe4 27. Rxe4 g5 28. h4 Red8 29. hxg5 hxg5 30. Ree1 Kd7 31. Rh1 Ke7 32. Rh6 Ne6 33. Rhh1 Nf4 34. Rh6 Ne6 35. Rhh1 R8d7 36. Ke3 1/2-1/2

[Event "Oberliga Ost-B 1920"]
[Site "Germany"]
[Date "2019.11.17"]
[Round "3.2"]
[White "Matviishen, Viktor"]
[Black "Heinz, Axel"]
[Result "1/2-1/2"]
[WhiteElo "2494"]
[BlackElo "2441"]
[PlyCount "41"]
[EventDate "2019.09.29"]
[EventType "team-tourn"]
[EventRounds "11"]
[EventCountry "GER"]
[SourceTitle "EXT 2021"]
[Source "ChessBase"]
[SourceDate "2020.10.23"]
[SourceVersion "1"]
[SourceVersionDate "2020.10.23"]
[SourceQuality "1"]
[WhiteTeam "Bad Emstal/Wolfhagen"]
[BlackTeam "Oberursel"]
[WhiteTeamCountry "GER"]
[BlackTeamCountry "GER"]

1. d4 Nf6 2. c4 e6 3. Nf3 d5 4. Nc3 dxc4 5. e3 a6 6. a4 c5 7. Bxc4 Nc6 8. 0-0 Be7 9. Qe2 cxd4 10. exd4 Nxd4 11. Nxd4 Qxd4 12. Rd1 Qc5 13. Be3 Qe5 14. Qf3 0-0 15. Rac1 Rd8 16. Rxd8+ Bxd8 17. Rd1 Be7 18. Bb6 Rb8 19. Ba7 Ra8 20. Bb6 Rb8 21. Ba7 1/2-1/2

[Event "BL2-West 1819"]
[Site "Germany"]
[Date "2019.02.03"]
[Round "6.2"]
[White "Sulskis, Sarunas"]
[Black "Heinz, Axel"]
[Result "1/2-1/2"]
[WhiteElo "2529"]
[BlackElo "2444"]
[PlyCount "120"]
[EventDate "2018.11.21"]
[EventType "team-tourn"]
[EventRounds "9"]
[EventCountry "GER"]
[SourceTitle "CBM 190 Extra"]
[Source "ChessBase"]
[SourceDate "2019.07.15"]
[SourceVersion "1"]
[SourceVersionDate "2019.07.15"]
[SourceQuality "1"]
[WhiteTeam "Koblenz"]
[BlackTeam "Oberursel"]
[WhiteTeamCountry "GER"]
[BlackTeamCountry "GER"]

1. e4 e5 2. Nf3 Nc6 3. Bc4 Bc5 4. Nc3 Nf6 5. d3 a6 6. Nd5 h6 7. Be3 Bxe3 8. fxe3 d6 9. Nxf6+ Qxf6 10. 0-0 0-0 11. Qe1 Qd8 12. d4 Qe7 13. Qg3 exd4 14. exd4 Qxe4 15. Rae1 Qg4 16. Bxf7+ Kh7 17. Bg6+ Kg8 18. d5 Qxg3 19. hxg3 Nb4 20. Nh4 Bd7 21. Rxf8+ Rxf8 22. Re7 Bc8 23. Be4 c6 24. Ng6 Rd8 25. Rc7 cxd5 26. Ne7+ Kh8 27. Bg6 Be6 28. Rxb7 Nxa2 29. c3 a5 30. Nc6 Rc8 31. Nd4 Bg8 32. Ra7 Nc1 33. Rxa5 Bh7 34. Bxh7 Kxh7 35. Rxd5 Nd3 36. Rb5 Re8 37. g4 Re4 38. g5 hxg5 39. Nf3 Re2 40. Nxg5+ Kg6 41. Nh3 Rxb2 42. Rd5 Ne5 43. Rxd6+ Kf5 44. Rd5 Rc2 45. Rc5 Re2 46. Kf1 Rc2 47. Nf2 Kf4 48. Nh3+ Kf5 49. Ng1 Ke4 50. Ne2 Rb2 51. Ng3+ Kf4 52. Ne2+ Ke4 53. Ng3+ Kf4 54. Nh5+ Ke4 55. Kg1 g6 56. Ng3+ Kf4 57. Kh2 Nf3+ 58. Kh3 Ng1+ 59. Kh2 Nf3+ 60. Kh3 Ng1+ 1/2-1/2

[Event "Oberliga Ost-B 1718"]
[Site "Germany"]
[Date "2018.04.15"]
[Round "11.3"]
[White "Heinz, Axel"]
[Black "Frolov, Artur"]
[Result "1/2-1/2"]
[WhiteElo "2435"]
[BlackElo "2403"]
[PlyCount "98"]
[EventDate "2017.10.22"]
[EventType "team-tourn"]
[EventRounds "11"]
[EventCountry "GER"]
[SourceTitle "EXT 2019"]
[Source "ChessBase"]
[SourceDate "2018.10.10"]
[SourceVersion "1"]
[SourceVersionDate "2018.10.10"]
[SourceQuality "1"]
[WhiteTeam "Oberursel"]
[BlackTeam "Kassel"]
[WhiteTeamCountry "GER"]
[BlackTeamCountry "GER"]

1. e4 e5 2. Nf3 Nc6 3. Bc4 Bc5 4. c3 Nf6 5. d3 d6 6. Nbd2 a6 7. Bb3 Ba7 8. 0-0 Ne7 9. Re1 Ng6 10. Nf1 0-0 11. Ng3 h6 12. h3 Bd7 13. d4 Qc8 14. Be3 Re8 15. Qd2 exd4 16. Bxd4 Ne5 17. Nxe5 dxe5 18. Bxa7 Rxa7 19. Rad1 Be6 20. Bxe6 Qxe6 21. b3 Raa8 22. Re3 g6 23. Rd3 Kg7 24. f3 a5 25. Kh2 Ra6 26. Nf1 Qe7 27. Ne3 Qc5 28. Nd5 Nxd5 29. Rxd5 Qa3 30. c4 Rd6 31. Qc3 Rxd5 32. Rxd5 Qb4 33. Qxb4 axb4 34. Rb5 b6 35. Rxb4 Ra8 36. a4 Kf6 37. Rb5 Ke6 38. Rd5 c6 39. Rd3 h5 40. Kg3 g5 41. Kf2 h4 42. Ke3 Ke7 43. Kd2 Ra7 44. Kc3 Ra5 45. Kb4 f6 46. Rd2 Rc5 47. Ka3 Ke8 48. Rd1 Ke7 49. Rd3 Ke8 1/2-1/2

[Event "Oberliga Ost-B 1718"]
[Site "Germany"]
[Date "2018.01.21"]
[Round "5.3"]
[White "Schneider, Christian1111"]
[Black "Heinz, Axel"]
[Result "0-1"]
[WhiteElo "2215"]
[BlackElo "2435"]
[PlyCount "60"]
[EventDate "2017.10.22"]
[EventType "team-tourn"]
[EventRounds "11"]
[EventCountry "GER"]
[SourceTitle "EXT 2019"]
[Source "ChessBase"]
[SourceDate "2018.10.10"]
[SourceVersion "1"]
[SourceVersionDate "2018.10.10"]
[SourceQuality "1"]
[WhiteTeam "Stadtilm Blau Weiss"]
[BlackTeam "Oberursel"]
[WhiteTeamCountry "GER"]
[BlackTeamCountry "GER"]

1. c4 Nf6 2. g3 e6 3. Bg2 d5 4. Nf3 Be7 5. 0-0 0-0 6. b3 b6 7. cxd5 exd5 8. Ne5 Bb7 9. d4 Nbd7 10. Bb2 Re8 11. Nd2 c5 12. Ndf3 Ne4 13. Nxd7 Qxd7 14. dxc5 bxc5 15. Nd2 Nf6 16. Rc1 d4 17. Bxb7 Qxb7 18. Ba3 Rac8 19. Rc4 Bf8 20. Re1 Nd5 21. Qc2 Nb6 22. Qd3 Nxc4 23. Qxc4 Re6 24. Qd3 Rce8 25. Bc1 h5 26. Nf1 Qa6 27. Qxa6 Rxa6 28. a3 g6 29. Nd2 Bh6 30. f4 Re3 0-1

[Event "BL2-Ost 1314"]
[Site "Germany"]
[Date "2013.12.15"]
[Round "8.3"]
[White "Heinz, Axel"]
[Black "Zawadzka, Jolanta"]
[Result "0-1"]
[WhiteElo "2450"]
[BlackElo "2383"]
[PlyCount "58"]
[EventDate "2013.10.12"]
[EventType "team-tourn"]
[EventRounds "10"]
[EventCountry "GER"]
[SourceTitle "EXT 2015"]
[Source "ChessBase"]
[SourceDate "2014.11.20"]
[SourceVersion "1"]
[SourceVersionDate "2014.11.20"]
[SourceQuality "1"]
[WhiteTeam "Bindlach Aktionaer"]
[BlackTeam "Plauen Koenig"]
[WhiteTeamCountry "GER"]
[BlackTeamCountry "GER"]

1. e4 c5 2. Nf3 e6 3. d4 cxd4 4. Nxd4 Nc6 5. Nc3 Qc7 6. g3 a6 7. Bg2 d6 8. 0-0 Bd7 9. Re1 Be7 10. Nxc6 Bxc6 11. Qg4 h5 12. Qe2 h4 13. Bf4 e5 14. Be3 Nf6 15. a4 hxg3 16. hxg3 Rc8 17. Red1 Qd7 18. Bb6 Kf8 19. b4 Qe6 20. b5 axb5 21. axb5 Bd7 22. Nd5 Nxd5 23. exd5 Qh6 24. Kf1 Qh2 25. Qd3 g6 26. Ra2 Bf5 27. Be4 Bh3+ 28. Ke2 f5 29. Bh1 Bg4+ 0-1

[Event "BL2-Ost 1314"]
[Site "Germany"]
[Date "2013.11.10"]
[Round "4.2"]
[White "Heinz, Axel"]
[Black "Bromberger, Stefan"]
[Result "1/2-1/2"]
[WhiteElo "2450"]
[BlackElo "2521"]
[PlyCount "38"]
[EventDate "2013.10.12"]
[EventType "team-tourn"]
[EventRounds "10"]
[EventCountry "GER"]
[SourceTitle "EXT 2015"]
[Source "ChessBase"]
[SourceDate "2014.11.20"]
[SourceVersion "1"]
[SourceVersionDate "2014.11.20"]
[SourceQuality "1"]
[WhiteTeam "Bindlach Aktionaer"]
[BlackTeam "Zugzwang MSA"]
[WhiteTeamCountry "GER"]
[BlackTeamCountry "GER"]

1. e4 c5 2. Nf3 d6 3. Bb5+ Bd7 4. Bxd7+ Qxd7 5. 0-0 Nf6 6. Re1 Nc6 7. c3 e6 8. d4 cxd4 9. cxd4 d5 10. e5 Ne4 11. Nbd2 Nxd2 12. Bxd2 Be7 13. Rc1 0-0 14. Rc3 f6 15. exf6 Rxf6 16. Rce3 Bd6 17. Qe2 Re8 18. a3 a6 19. Qd3 Rh6 1/2-1/2

[Event "BL2-Ost 1213"]
[Site "Germany"]
[Date "2012.10.14"]
[Round "1.1"]
[White "Bromberger, Stefan"]
[Black "Heinz, Axel"]
[Result "1-0"]
[WhiteElo "2492"]
[BlackElo "2456"]
[PlyCount "63"]
[EventDate "2012.10.14"]
[EventType "team-tourn"]
[EventRounds "9"]
[EventCountry "GER"]
[SourceTitle "CBM 154 Extra"]
[Source "ChessBase"]
[SourceDate "2013.06.25"]
[SourceVersion "2"]
[SourceVersionDate "2013.06.25"]
[SourceQuality "1"]
[WhiteTeam "Zugzwang MSA"]
[BlackTeam "Bindlach"]
[WhiteTeamCountry "GER"]
[BlackTeamCountry "GER"]

1. d4 Nf6 2. c4 e6 3. Nc3 Bb4 4. e3 0-0 5. Bd3 d5 6. Nge2 c5 7. 0-0 cxd4 8. exd4 dxc4 9. Bxc4 Nbd7 10. Bg5 Qa5 11. Bh4 Qh5 12. Bg3 Bxc3 13. bxc3 b6 14. Qd3 Bb7 15. Nf4 Qh6 16. Rfe1 Rac8 17. Bb3 Rfd8 18. Qe3 Ne4 19. d5 Nxg3 20. dxe6 Nf5 21. exf7+ Kh8 22. Qe6 g6 23. Rad1 Ng7 24. Qd6 Qh4 25. Re8+ Rxe8 26. fxe8Q+ Rxe8 27. Qxd7 Bf3 28. Ne6 Rxe6 29. Bxe6 Nxe6 30. Qe8+ Kg7 31. Rd7+ Kh6 32. Qxe6 1-0

[Event "Nuremberg LGA Cup 9th"]
[Site "Nuremberg"]
[Date "2012.09.07"]
[Round "2"]
[White "Safyanovsky, Mark"]
[Black "Heinz, Axel"]
[Result "1/2-1/2"]
[WhiteElo "2249"]
[BlackElo "2456"]
[PlyCount "27"]
[EventDate "2012.09.06"]
[EventType "swiss"]
[EventRounds "7"]
[EventCountry "GER"]
[SourceTitle "CBM 150 Extra"]
[Source "ChessBase"]
[SourceDate "2012.10.19"]
[SourceVersion "1"]
[SourceVersionDate "2012.10.19"]
[SourceQuality "1"]

1. d4 Nf6 2. c4 e6 3. Nc3 Bb4 4. Bd2 0-0 5. Nf3 b6 6. g3 Bb7 7. Bg2 Bxc3 8. Bxc3 Ne4 9. Qc2 Nxc3 10. Qxc3 c5 11. 0-0 Qe7 12. Rfd1 Na6 13. Ne1 Bxg2 14. Nxg2 1/2-1/2

[Event "GER-ch Net qual2 U25"]
[Site "Playchess.com INT"]
[Date "2012.09.05"]
[Round "2"]
[White "Richters, Marc"]
[Black "Heinz, Axel"]
[Result "0-1"]
[WhiteElo "2028"]
[BlackElo "2452"]
[PlyCount "66"]
[EventDate "2012.09.05"]
[EventType "swiss (blitz)"]
[EventRounds "7"]
[EventCountry "GER"]
[SourceTitle "CBM 150 Extra"]
[Source "ChessBase"]
[SourceDate "2012.10.19"]
[SourceVersion "1"]
[SourceVersionDate "2012.10.19"]
[SourceQuality "1"]

1. e4 e6 2. b3 d5 3. Bb2 Nf6 4. e5 Nfd7 5. f4 c5 6. Nf3 Nc6 7. Be2 Be7 8. 0-0 g6 9. Nc3 a6 10. a4 b6 11. Qe1 Bb7 12. Qg3 Nb4 13. Rac1 d4 14. Nd1 Rc8 15. Nf2 Qc7 16. Ng5 Qb8 17. c3 dxc3 18. dxc3 Nd5 19. Nfe4 Qc7 20. Rcd1 c4 21. Bxc4 Bc5+ 22. Nxc5 Qxc5+ 23. Rf2 Ne3 24. Bxe6 Nxd1 25. Bxf7+ Ke7 26. Ba3 Qxa3 27. Qg4 Nxf2 28. Qe6+ Kd8 29. Bg8 Qc1+ 30. Kxf2 Qxf4+ 31. Nf3 Bxf3 32. gxf3 Rxc3 33. Qxb6+ Nxb6 0-1

[Event "Bodensee-Cup"]
[Site "Konstanz"]
[Date "2011.05.14"]
[Round "2.1"]
[White "Heinz, Axel"]
[Black "Boguslawski, Oleg"]
[Result "1/2-1/2"]
[WhiteElo "2453"]
[BlackElo "2493"]
[PlyCount "82"]
[EventDate "2011.05.13"]
[EventType "team-tourn"]
[EventRounds "3"]
[EventCountry "GER"]
[SourceTitle "EXT 2024"]
[Source "ChessBase"]
[SourceDate "2023.10.10"]
[SourceVersion "1"]
[SourceVersionDate "2023.10.10"]
[SourceQuality "1"]
[WhiteTeam "Bayern"]
[BlackTeam "Baden"]
[WhiteTeamCountry "GER"]
[BlackTeamCountry "GER"]

1. e4 e5 2. Nf3 Nc6 3. Bc4 Bc5 4. c3 Nf6 5. b4 Bb6 6. d3 d6 7. a4 a5 8. b5 Ne7 9. Nbd2 Ng6 10. 0-0 0-0 11. Re1 Nh5 12. Bb3 Nhf4 13. Nc4 Bg4 14. Bxf4 Nxf4 15. Nxb6 cxb6 16. Re3 Qf6 17. Qf1 Rac8 18. Rc1 h5 19. Nd2 Qg5 20. Kh1 h4 21. h3 Be6 22. Bxe6 fxe6 23. Nf3 Qh5 24. Nh2 Rc7 25. Ng4 Rfc8 26. Qe1 Qg5 27. Rc2 Nh5 28. Qa1 Kh7 29. Qa3 Qe7 30. Re1 Rc5 31. Qb3 Nf4 32. c4 R5c7 33. Rd2 Qg5 34. Re3 Nh5 35. Qa3 Qe7 36. Qa1 Nf4 37. Rd1 Qg5 38. Qa3 Rc5 39. Qb2 R8c7 40. Rde1 Rc8 41. Qd2 R5c7 1/2-1/2

[Event "Bodensee-Cup"]
[Site "Friedrichshafen"]
[Date "2010.05.09"]
[Round "3.3"]
[White "Wirthensohn, Heinz"]
[Black "Heinz, Axel"]
[Result "1/2-1/2"]
[WhiteElo "2409"]
[BlackElo "2450"]
[PlyCount "63"]
[EventDate "2010.05.07"]
[EventType "team-tourn"]
[EventRounds "3"]
[EventCountry "GER"]
[SourceTitle "EXT 2024"]
[Source "ChessBase"]
[SourceDate "2023.10.10"]
[SourceVersion "1"]
[SourceVersionDate "2023.10.10"]
[SourceQuality "1"]
[WhiteTeam "Schweiz"]
[BlackTeam "Bayern"]
[WhiteTeamCountry "SUI"]
[BlackTeamCountry "GER"]

1. c4 e6 2. Nf3 Nf6 3. b3 b6 4. g3 c5 5. Bg2 Bb7 6. Bb2 Be7 7. 0-0 0-0 8. Nc3 Nc6 9. d4 Nxd4 10. Nxd4 Bxg2 11. Kxg2 cxd4 12. Qxd4 Qc8 13. e4 Qb7 14. f3 d6 15. Rfd1 Rfd8 16. a4 Ne8 17. Rd2 Bf6 18. Qe3 a6 19. Rad1 h6 20. h4 Rdc8 21. Ba3 Be5 22. Bb4 Rab8 23. Ne2 b5 24. cxb5 axb5 25. a5 Ra8 26. Rc1 Rd8 27. Nd4 Rac8 28. Rdc2 Rxc2+ 29. Rxc2 Qa7 30. Nf5 Qd7 31. Nd4 Qa7 32. Nf5 1/2-1/2

[Event "Bodensee-Cup"]
[Site "Friedrichshafen"]
[Date "2010.05.07"]
[Round "1.3"]
[White "Strunski, Andreas"]
[Black "Heinz, Axel"]
[Result "1/2-1/2"]
[WhiteElo "2378"]
[BlackElo "2450"]
[PlyCount "38"]
[EventDate "2010.05.07"]
[EventType "team-tourn"]
[EventRounds "3"]
[EventCountry "GER"]
[SourceTitle "EXT 2024"]
[Source "ChessBase"]
[SourceDate "2023.10.10"]
[SourceVersion "1"]
[SourceVersionDate "2023.10.10"]
[SourceQuality "1"]
[WhiteTeam "Wuerttemberg"]
[BlackTeam "Bayern"]
[WhiteTeamCountry "GER"]
[BlackTeamCountry "GER"]

1. d4 Nf6 2. c4 e6 3. Nc3 Bb4 4. Qc2 d5 5. a3 Bxc3+ 6. Qxc3 Ne4 7. Qc2 Nc6 8. Nf3 e5 9. e3 Bf5 10. Bd3 exd4 11. exd4 0-0 12. 0-0 Bg6 13. c5 Bh5 14. Bxe4 dxe4 15. Qxe4 Re8 16. Qf5 Bg6 17. Qf4 Re4 18. Qg5 Nxd4 19. Qxd8+ Rxd8 1/2-1/2

[Event "Boeblingen op 26th"]
[Site "Boeblingen"]
[Date "2009.12.30"]
[Round "8"]
[White "Heinz, Axel"]
[Black "Borovikov, Vladislav"]
[Result "1/2-1/2"]
[WhiteElo "2436"]
[BlackElo "2585"]
[PlyCount "40"]
[EventDate "2009.12.26"]
[EventType "swiss"]
[EventRounds "9"]
[EventCountry "GER"]
[SourceTitle "CBM 134 Extra"]
[Source "ChessBase"]
[SourceDate "2010.03.03"]
[SourceVersion "1"]
[SourceVersionDate "2010.03.03"]
[SourceQuality "1"]

1. e4 c5 2. Nf3 d6 3. d4 cxd4 4. Nxd4 Nf6 5. Nc3 a6 6. Be3 e5 7. Nde2 Be7 8. Ng3 0-0 9. Be2 Be6 10. 0-0 Nbd7 11. Nf5 Bxf5 12. exf5 b5 13. a3 Rc8 14. Bf3 h6 15. Rc1 Qc7 16. Qd3 Rfe8 17. Bd5 Nc5 18. Bxc5 dxc5 19. Be4 Rcd8 20. Qf3 Rd4 1/2-1/2